Statistiche per Capitali per Fuso Orario - UTC+4

Clicka qui per fare il quiz!

Statistiche generali

  • Questo quiz è stato fatto 2 volte
  • Il punteggio medio è 3 su 7

Statistiche sulle risposte

ContinenteNazione% Corretto
AfricaVictoria
100%
AsiaAbu Dhabi
50%
AsiaBaku
50%
AsiaErevan
50%
AsiaMascate
50%
AfricaPort Louis
0%
AsiaTbilisi
0%

Distribuzione punteggi

Percentile per numero di risposta

Percentuale di utenti per punteggio

I tuoi punteggi nel tempo

Non hai fatto questo quiz